000 00593cam a22002053a 4500
001 40150
003 PGUSA
005 20140828083908.0
008 120707s2012||||xxu|||||s|||||000 | eng d
040 _aPGUSA
_beng
042 _adc
100 1 _aKarolidis, Pavlos
245 1 0 _aΗ Ευρώπη κατά τον 19ον αιώνα
_h[electronic resource] /
_cPavlos Karolidis
260 _bProject Gutenberg,
_c2012
506 _aPublic domain in the USA.
516 _aElectronic text
830 0 _aProject Gutenberg
_v40150
856 4 0 _uhttp://www.gutenberg.org/ebooks/40150
942 _cEB
999 _c269403
_d269403